Pedro Gm̤ez de la Serna (1806-1871) Apuntes para una biografa̕ jurd̕ica /

Bibliographic Details
Main Author: Ruiz Balln̤, Antonio
Format: eBook
Language:Spanish
Published: Madrid : Dykinson, 2013
Subjects:
Online Access:Acceso restringido

MARC

LEADER 00000nam a22000007a 4500
005 2013121707057.0
007 cr|||| ||||
008 131217s2013 sp |||||s|||| 00||0 spa d
020 |a 978-84-9031-708-2 
035 |a 11691 
040 |a vLex 
090 |c 4624  |d 4624 
100 1 |a Ruiz Balln̤, Antonio 
245 1 0 |a Pedro Gm̤ez de la Serna (1806-1871)  |h [Recurso electrn̤ico] :  |b Apuntes para una biografa̕ jurd̕ica /  |c Antonio Ruiz Balln̤ 
256 |a Servicio en ln̕ea 
260 |a Madrid :  |b Dykinson,  |c 2013 
300 |a 1 recurso electrn̤ico 
506 1 |a Contenido solo disponible en los productos indicados  |d vLex Global  |d vLex Global (Academic Edition, excluding Law Schools)  |d vLex Global (U.S. Academic Edition, Law Schools)  |d vLex Global (U.S. Academic Edition, excluding Law Schools)  |d vLex Global (Academic Edition, Law Schools) 
600 1 4 |a Gm̤ez de la Serna, Pedro 
650 0 4 |a Derecho 
740 0 |a vLex Libros(Servicio en ln̕ea) 
856 4 0 |u http://vlex.com/source/pedro-gomez-de-la-serna-1806-1871-apuntes-biografia-juridica-11691  |z Acceso restringido 
942 |c BOOK 
999 0 |a Gm̤ez de la Serna, Pedro 
999 0 |a Law